01666 2200457 4500001002100000005001500021035002000036007000300056008004100059020002200100082001500122084001700137100003000154245027000184250003400454300003100488650003900519700003900558700003100597700003900628700004100667700004100708700002800749700003400777700003100811700003400842700003000876504002500906264004100931336002100972337003000993338002301023040002201046090002201068850001201090999002201102990002201124990002001146990002201166990002001188INLIS00000000087307320220913110503 a0010-0922000601ta220913s2021 yoi g | ind d a978-623-7761-18-104223a801.95 a801.95 WAH p0 aWahyu Gandi G.ePengarang10aPerlunya panggung alternatif /cWahyu Gandi G., Arga Maulana Pasanrangi, Agus Wira Tahir, Muhammad Yunus Musthofa, Salsa Meiliana Asmarahani, Tya Asih Dayu Purwitasari, Amalia Rahma, Rizky Tia Rifianty, Lilis Heriyanti, Muh. Fathan Zamani; penyunting, Aprinus Salam aCetakan Pertama, Oktober 2021 aviii, 197 halaman ;c24 cm 4aKesusastraan--xSejarah dan kritik0 aArga Maulana PasanrangiePengarang0 aAgus Wira TahirePengarang0 aMuhammad Yunus MusthofaePengarang0 aSalsa Meiliana AsmarahaniePengarang0 aTya Asih Dayu PurwitasariePengarang0 aAmalia RahmaePengarang0 aRizky Tia RifiantyePengarang0 aLilis HeriyantiePengarang0 aMuh. Fathan ZamaniePengarang0 aAprinus SalamePenyunting atermasuk bibliografi31aSleman :bGambang Buku Budaya,c2021 2rdacontentateks 2rdamediaatanpa perantara 2rdacarrieravolume aYOPDYOGbinderda aCB-D.11 2021-3542 aYOPDYOG aCB-D.11/2021-3542 aCB-D.11 2021-3542 a68934-PD/A.2022 aCB-D.11/2021-3542 a68934-PD/A.2022